00896 a2200253 450000500170000000800390001702000180005602000180007404000510009204100080014306000110015110000210016224501360018324600260031926000480034530000740039350000210046765000140048865000170050270000180051970000210053770000500055876500340060820140908083839.0140118s2009 mx ado fr 001 0 spa a9780071411899 a9789701072851 aCO-BoUCMbspacJose A. GerenadDiana Londoño00aspa00aQZ 2001 aChabner, Buce A.10aHarrison. Manual de OncologíacBuce A. Chabner, Thomas J. Lynch, Dan L. Longo ; traducción de Héctor Raúl Planas González20aManual de oncología c2009bMcGraw-HillaMéxico D.F. (México) axxi, 626 páginasbilustraciones, cuadros, gráficas, fotografías aIncluye índice 7aCáncer  7aOncología 1 aLongo, Dan L.1 aLynch, Thomas J.1 aPlanas González, Héctor Raúletraductor1 tHarrison's manual of oncology